000 00516nam a22001697a 4500
999 _c62244
_d62244
005 20240829154412.0
008 240829c2013 enk||||| |||| 00| 0 eng d
022 _a0149 9246
041 _aeng
245 _aHastings International and Comparative Law Review :
_b2013 /
_cEditor N. Moskowitz.
260 _aCalifornia,
_c2013.
300 _aV.
653 _aსამართალი
653 _aპერიოდიკა
700 _aMoskowitz, N.
_eრედაქტორი
_923145
942 _2udc
_cCR